International migration outlook 2014

Salvato in:
Dettagli Bibliografici
Natura: Libro
Lingua:inglese
Pubblicazione: Paris OECD 2014
Soggetti:
Tags: Aggiungi Tag
Nessun Tag, puoi essere il primo ad aggiungerne!!

MARC

LEADER 00000nam a2200000 4500
001 0197837
005 20240315120814.0
020 |a 978-92-64-21118-6 
022 |a 1995-3968 
041 0 |a eng 
044 |a FR 
245 1 0 |a International migration outlook 2014 
264 1 |a Paris  |b OECD  |c 2014 
300 |a 425 s. 
610 2 0 |a migrácia 
610 2 0 |a pohyb obyvateľstva 
610 2 0 |a pohyb síl pracovných 
610 2 0 |a riadenie 
610 2 0 |a trh práce 
610 2 0 |a zamestnanosť 
610 2 0 |a imigrácia 
610 2 0 |a rast hospodársky 
610 2 0 |a porovnanie štatistické medzinárodné